[Event "6Ã¨me LUC open"]
[Site "Lille"]
[Date "2015-05-08"]
[Round "7.10"]
[White "MAIOROV, Nikita"]
[Black "CALOONE, Thomas"]
[Result "1-0"]
[WhiteElo "2563"]
[BlackElo "2175"]

1. d4 g6 2. g3 Bg7 3. Bg2 d6 4. Nf3 Nf6 5. O-O O-O 6. c4 Nbd7 7. Qc2 e5 8. Rd1
Qe7 9. Nc3 c6 10. e4 a6 11. Be3 b5 12. dxe5 Nxe5 13. Nxe5 dxe5 14. h3 Be6 15.
cxb5 cxb5 16. Nd5 Bxd5 17. exd5 Rac8 18. Qe2 Qd6 19. a4 Rc4 20. axb5 axb5 21.
b3 Rc3 22. Rac1 b4 23. Rxc3 bxc3 24. Qc4 Rd8 25. Qxc3 e4 26. Qc4 Qe5 27. Bf1
Qb2 28. d6 Bf8 29. g4 Qa3 30. Qc3 1-0

*

[Event "6Ã¨me LUC open"]
[Site "Lille"]
[Date "2015-05-08"]
[Round "7.11"]
[White "STRIKOVIC, Aleksa"]
[Black "HENRIS, Luc"]
[Result "1-0"]
[WhiteElo "2526"]
[BlackElo "2153"]

1. c4 e5 2. Nc3 Nc6 3. g3 f5 4. Bg2 Nf6 5. e3 g6 6. d3 Bg7 7. Rb1 O-O 8. b4 d6
9. Nge2 Ne7 10. b5 c6 11. Ba3 Rf7 12. bxc6 bxc6 13. Qa4 d5 14. Bxe7 Rxe7 15.
Qxc6 Bd7 16. Bxd5+ Nxd5 17. Qxd5+ Kh8 18. O-O Qc8 19. Qb7 Qf8 20. Nd5 Rf7 21.
Qb4 Qc8 22. Qd6 f4 23. exf4 Bh3 24. Rfe1 Rd7 25. Qb4 Rxd5 26. cxd5 1-0

*

[Event "6Ã¨me LUC open"]
[Site "Lille"]
[Date "2015-05-08"]
[Round "7.12"]
[White "VAN FOREEST, Jorden"]
[Black "MCLAREN, Brian"]
[Result "1/2-1/2"]
[WhiteElo "2519"]
[BlackElo "2141"]

1. e4 Nf6 2. e5 Nd5 3. d4 d6 4. Nf3 Bg4 5. Be2 e6 6. O-O Be7 7. h3 Bh5 8. Nbd2
O-O 9. Re1 Nc6 10. exd6 cxd6 11. c4 Nb6 12. b3 d5 13. c5 Nd7 14. b4 Bf6 15. Ba3
a6 16. Nb3 Re8 17. Qd2 b6 18. Rac1 Bxf3 19. Bxf3 Bg5 20. Qc3 Bxc1 21. Rxc1 b5
22. Bb2 Qc7 23. a3 Reb8 24. Na1 a5 25. Nc2 axb4 26. axb4 Nf6 27. g3 Ra4 28. Rd1
Qe7 29. Kg2 Ne8 30. Bc1 Rb7 31. Bf4 Nc7 32. h4 h6 33. h5 Na6 34. Rb1 Qf6 35.
Rb2 Nc7 36. Be2 Ne8 37. Bd3 Qe7 38. Na3 Rxa3 39. Qxa3 Nxd4 40. Be3 Nc6 41. Qa8
Qd7 42. Qa6 Nb8 43. Qa2 e5 44. f3 Nf6 45. Qa8 e4 46. Be2 Kh7 47. fxe4 Nxe4 48.
Bf4 Nc6 49. Bg4 Qxg4 50. Qxb7 Nd4 51. Qxf7 Qf3+ 52. Kh2 Ne2 53. Qf5+ Kh8 54.
Qh3 Nf2 55. Qc8+ Kh7 56. Qf5+ Kh8 57. Rb1 Ng4+ 58. Kh3 Nf2+ 59. Kh2 Ng4+ 60.
Kh3 Nf2+ 1/2-1/2

*

[Event "6Ã¨me LUC open"]
[Site "Lille"]
[Date "2015-05-08"]
[Round "7.13"]
[White "MOKAL, Amruta Sunil"]
[Black "KARPATCHEV, Aleksandr"]
[Result "0-1"]
[WhiteElo "2130"]
[BlackElo "2466"]

1. e4 e5 2. Nf3 Nc6 3. d4 exd4 4. Nxd4 Qf6 5. Nf3 Bb4+ 6. c3 Bc5 7. Be2 d6 8.
O-O h6 9. Nbd2 Nge7 10. Nb3 Bb6 11. a4 a6 12. a5 Ba7 13. Nbd4 O-O 14. Be3 Bd7
15. Nc2 Bb8 16. Qd3 Ng6 17. Nd2 Nge5 18. Bd4 Nxd3 19. Bxf6 Nf4 20. Bxa6 Rxa6
21. Bh4 Rxa5 22. Rxa5 Nxa5 23. Ra1 Nc6 24. b4 Ne2+ 25. Kf1 Nxc3 0-1

*

[Event "6Ã¨me LUC open"]
[Site "Lille"]
[Date "2015-05-08"]
[Round "7.14"]
[White "BECUWE, Olivier"]
[Black "DI NICOLANTONIO, Lucas"]
[Result "1-0"]
[WhiteElo "2083"]
[BlackElo "2414"]

1. e4 d6 2. d4 Nf6 3. f3 d5 4. e5 Ng8 5. f4 Nh6 6. Nd2 c5 7. dxc5 Bg4 8. Be2
Bxe2 9. Nxe2 e6 10. Nb3 Bxc5 11. Nxc5 Qa5+ 12. c3 Qxc5 13. Qd4 Qc7 14. Be3 O-O
15. O-O Nc6 16. Qd3 f6 17. Nd4 Rae8 18. Nxc6 bxc6 19. exf6 gxf6 20. c4 Qb7 21.
b3 Nf5 22. Bc5 Rf7 23. Rae1 Qd7 24. cxd5 cxd5 25. Bd4 Nd6 26. Bb2 Ne4 27. Rd1
a5 28. f5 e5 29. g3 Qa7+ 30. Kg2 Rd8 31. Bc1 Rc7 32. Be3 Qb7 33. Rc1 Rxc1 34.
Bxc1 Rc8 35. Bh6 Rc3 36. Qe2 d4 37. Kh3 Nd6 38. Qg4+ Kh8 39. Qh4 Qf7 40. Bd2
Rc2 41. Bxa5 Ne8 42. Bd8 Rxa2 43. Rc1 Ra8 44. Bb6 Rb8 45. Ba5 Qxb3 46. Rc7 Qg8
47. Rd7 Rb5 48. Bd8 Qg7 49. Rxg7 Kxg7 50. Qe4 Rb8 51. Qd5 Kh6 52. Be7 Kg7 53.
Qd7 Kg8 54. Qe6+ Kg7 55. Bxf6+ Nxf6 56. Qe7+ Kg8 57. Qxf6 Re8 58. Qg5+ Kf7 59.
Qh5+ Kf8 60. f6 Re6 61. Qh6+ Ke8 62. Qg7 1-0

*

[Event "6Ã¨me LUC open"]
[Site "Lille"]
[Date "2015-05-08"]
[Round "7.15"]
[White "MARTYNOV, Pavel"]
[Black "Noordhoek, Henk"]
[Result "1-0"]
[WhiteElo "2440"]
[BlackElo "2026"]

1. b3 Nf6 2. Bb2 d5 3. e3 c5 4. f4 Nc6 5. Bb5 Bd7 6. Nf3 a6 7. Bxc6 Bxc6 8. O-O
e6 9. Ne5 Qc7 10. d3 Bd6 11. Nd2 O-O-O 12. Ndf3 Be8 13. c4 Nd7 14. Nxd7 Bxd7
15. Bxg7 Rhg8 16. Bf6 Rdf8 17. Ne5 Bxe5 18. Bxe5 Qc6 19. cxd5 exd5 20. Rc1 b5
21. Qc2 c4 22. bxc4 dxc4 23. dxc4 b4 24. Rf2 f6 25. Bd4 Bh3 26. Re1 a5 27. a3
Rf7 28. axb4 Rfg7 29. g3 Qd7 30. Qe4 Rxg3+ 31. hxg3 Rxg3+ 32. Kh2 Qg4 33. Qc6+ 1-0

*

[Event "6Ã¨me LUC open"]
[Site "Lille"]
[Date "2015-05-08"]
[Round "7.16"]
[White "MIDOUX, Sebastien"]
[Black "DUMAS, Victor"]
[Result "1-0"]
[WhiteElo "2315"]
[BlackElo "2066"]

1. e4 e5 2. f4 d5 3. exd5 c6 4. Nc3 exf4 5. Nf3 Bd6 6. d4 Ne7 7. Be2 O-O 8. O-O
Ng6 9. dxc6 Nxc6 10. Ne4 Bc7 11. c3 Bg4 12. Nf2 Bh5 13. Ne1 Bxe2 14. Qxe2 Re8
15. Qh5 Nce7 16. Nh3 Qd5 17. Qxd5 Nxd5 18. Nd3 Re2 19. Nhxf4 Ndxf4 20. Nxf4
Nxf4 21. Bxf4 Bxf4 22. Rxf4 Rxb2 23. Rf2 Rxf2 24. Kxf2 Rc8 25. Rc1 Kf8 26. Ke3
Ke7 27. Kd3 Kd6 28. Re1 b6 29. a4 Kd7 30. Re5 Rc6 31. Rh5 h6 32. Rf5 Ke7 33. c4
g6 34. Rf2 h5 35. Ra2 a5 36. Rb2 Kd6 37. d5 Rc7 38. Rxb6+ Ke5 39. Rb5 Ra7 40.
Rb2 1-0

*

[Event "6Ã¨me LUC open"]
[Site "Lille"]
[Date "2015-05-08"]
[Round "7.17"]
[White "GUEZENNEC, Franck"]
[Black "COULON, Guillaume"]
[Result "1-0"]
[WhiteElo "2231"]
[BlackElo "2020"]

1. e4 c5 2. Nf3 e6 3. d4 cxd4 4. Nxd4 a6 5. Bd3 Qc7 6. O-O Nf6 7. Qe2 d6 8. b3
e5 9. Nf3 g6 10. c4 Bg7 11. Bb2 Nbd7 12. Nc3 Nc5 13. Rfd1 O-O 14. Rac1 Nh5 15.
Nd5 Qd8 16. Bb1 Bh6 17. Ne3 Nf4 18. Qc2 Qf6 19. b4 Nxg2 20. Nxg2 Qxf3 21. bxc5
Bh3 22. Ne1 Qg4+ 23. Kh1 f5 24. f3 fxe4 25. Qxe4 Bxc1 26. Qxg4 Bxg4 27. Rxc1
Rxf3 28. Nxf3 Bxf3+ 29. Kg1 dxc5 30. Bxe5 Re8 31. Re1 b5 32. Bd3 Bc6 33. Kf2
Re6 34. Bf4 Rf6 35. Ke3 Re6+ 36. Kd2 Kf7 37. Rxe6 Kxe6 38. Ke3 Bd7 39. Bh6 Kd6
40. Kf4 Be6 41. Bg7 bxc4 42. Bc2 Kc6 43. Bc3 Kb5 44. Ke5 Bf5 45. a4+ 1-0

*

[Event "6Ã¨me LUC open"]
[Site "Lille"]
[Date "2015-05-08"]
[Round "7.18"]
[White "INOUSS, Badr"]
[Black "CHKHAIDZE, Nikoloz"]
[Result "1/2-1/2"]
[WhiteElo "2000"]
[BlackElo "2226"]

1. d4 Nf6 2. c4 g6 3. f3 d5 4. cxd5 c6 5. dxc6 Nxc6 6. e3 e5 7. Bb5 Qa5+ 8. Nc3
Bb4 9. Bxc6+ bxc6 10. Nge2 O-O 11. dxe5 Rd8 12. Qc2 Qxe5 13. O-O Bc5 14. Nd4
Bxd4 15. exd4 Rxd4 16. Qf2 Bf5 17. Re1 Qd6 18. Be3 Rd3 19. Bc5 Qf4 20. Ne2
1/2-1/2

*

[Event "6Ã¨me LUC open"]
[Site "Lille"]
[Date "2015-05-08"]
[Round "7.19"]
[White "MAJHI, Ankit"]
[Black "MARTYNOV, Petr"]
[Result "1-0"]
[WhiteElo "2178"]
[BlackElo "1885"]

1. e4 e6 2. d4 d5 3. Nc3 Nc6 4. Nf3 Nf6 5. Bd3 Bb4 6. O-O Bxc3 7. exd5 Nxd4 8.
bxc3 Nxf3+ 9. Qxf3 Nxd5 10. Re1 O-O 11. Ba3 Re8 12. Rad1 Bd7 13. c4 Ne7 14.
Bxh7+ Kxh7 15. Qxf7 Rf8 16. Qxe7 Qxe7 17. Bxe7 Rf7 18. Rxd7 1-0

*

[Event "6Ã¨me LUC open"]
[Site "Lille"]
[Date "2015-05-08"]
[Round "7.20"]
[White "VAN DER LENDE, Ilias"]
[Black "DROGOU, Gerard"]
[Result "1-0"]
[WhiteElo "2333"]
[BlackElo "1980"]

1. d4 d5 2. Nf3 e6 3. c4 c6 4. Nc3 dxc4 5. a4 Bb4 6. e3 b5 7. Bd2 Bb7 8. axb5
Bxc3 9. Bxc3 cxb5 10. b3 a5 11. bxc4 b4 12. Bb2 Nf6 13. Bd3 Nbd7 14. O-O O-O
15. Bc2 Qc7 16. c5 Rfd8 17. Ba4 Bc6 18. Bxc6 Qxc6 19. Qa4 Qd5 20. Rfc1 Rdc8 21.
Rd1 Ne4 22. Ne1 f5 23. Nd3 g5 24. f3 Nef6 25. Ne5 Ra7 26. Rac1 Ne8 27. e4 1-0

*

[Event "6Ã¨me LUC open"]
[Site "Lille"]
[Date "2015-05-08"]
[Round "7.21"]
[White "VAN VLIET, Dennis"]
[Black "BANNINK, Bernard"]
[Result "1/2-1/2"]
[WhiteElo "2109"]
[BlackElo "2267"]

1. d4 d5 2. c4 c6 3. cxd5 cxd5 4. Nc3 Nf6 5. Bf4 Nc6 6. e3 a6 7. Rc1 e6 8. Bd3
Bd6 9. Bxd6 Qxd6 10. f4 Bd7 11. Nf3 b5 12. Ne5 h5 13. O-O g6 14. Qe2 Ne7 15.
Kh1 O-O 16. Qf3 b4 17. Nxd7 Qxd7 18. Nd1 Rfc8 19. Rxc8+ Nxc8 20. Nf2 Nd6 21.
Rc1 a5 22. g4 hxg4 23. Nxg4 Nxg4 24. Qxg4 Rc8 25. Rg1 Nf5 26. h4 Kg7 27. Qg5
Rh8 28. Bxf5 exf5 29. Kh2 Qe6 30. Rg3 Qf6 31. h5 Qxg5 32. Rxg5 a4 33. Kg3 Rc8
34. Kf3 Rc2 35. Rg2 b3 36. axb3 axb3 37. hxg6 fxg6 38. Kg3 Kf7 39. Kf3 Kf6 40.
Kg3 g5 41. fxg5+ Kxg5 42. Rf2 Kf6 43. Rh2 Kg5 44. Rg2 f4+ 45. exf4+ Kf5 46. Kf3
Rxg2 47. Kxg2 Kxf4 48. Kf2 Ke4 49. Ke2 Kxd4 50. Kd2 Ke4 51. Ke2 d4 52. Kd2 d3
53. Kd1 Ke3 54. Ke1 d2+ 55. Kd1 Kd3 1/2-1/2

*

[Event "6Ã¨me LUC open"]
[Site "Lille"]
[Date "2015-05-08"]
[Round "7.22"]
[White "FAURE, StÃ©phane"]
[Black "FREDERIC, Clement"]
[Result "1/2-1/2"]
[WhiteElo "2063"]
[BlackElo "2231"]

1. Nc3 e6 2. f4 d5 3. e3 c5 4. Nf3 Nf6 5. b3 g6 6. Bb2 Bg7 7. Na4 Nbd7 8. Bb5
Qa5 9. c4 O-O 10. Bc3 Qc7 11. cxd5 exd5 12. Rc1 Ne4 13. Bxg7 Kxg7 14. O-O b6
15. Qe1 Nd6 16. Bd3 f5 17. Nc3 Bb7 18. Qh4 Rae8 19. Nb5 Nxb5 20. Bxb5 Bc6 21.
Bxc6 Qxc6 22. g4 fxg4 23. Qxg4 Qe6 24. Qh4 Qf6 25. Qg3 Re7 26. a4 d4 27. Rfe1
dxe3 28. dxe3 Qe6 29. Ng5 Qxb3 30. Nxh7 Rh8 31. Ng5 Rhe8 32. Qh3 Rh8 33. Qg3
Nf6 34. f5 Rh6 35. e4 Qxg3+ 36. hxg3 Ng4 37. Ne6+ Kf6 38. Nf4 Kg5 39. Ne6+ Kf6
40. Nf4 Reh7 41. fxg6 Rh1+ 42. Kg2 R7h2+ 43. Kf3 Ne5+ 1/2-1/2

*

[Event "6Ã¨me LUC open"]
[Site "Lille"]
[Date "2015-05-08"]
[Round "7.23"]
[White "SILVERT, Alexandre"]
[Black "ROGER, Mehdi"]
[Result "1/2-1/2"]
[WhiteElo "1997"]
[BlackElo "2176"]

1. d4 Nf6 2. Nf3 g6 3. c4 Bg7 4. g3 O-O 5. Bg2 d6 6. Nc3 Nbd7 7. O-O e5 8. d5
a5 9. e4 Nc5 10. Ne1 Ne8 11. Be3 Bd7 12. f4 f5 13. Bxc5 dxc5 14. fxe5 Bxe5 15.
Nf3 Bxc3 16. bxc3 fxe4 17. Nd2 Nd6 18. Nxe4 Nxe4 19. Bxe4 Qe7 20. Qd3 Rae8 21.
Rxf8+ Kxf8 22. Qf3+ Kg7 23. Bd3 Qe3+ 24. Qxe3 Rxe3 25. Rd1 Bg4 26. Rd2 Kf8 27.
Kf2 Rf3+ 28. Kg2 Rf6 29. Rf2 Ke7 30. Rxf6 Kxf6 31. Kf2 Ke5 32. Ke3 Bd7 33. Bf1
c6 34. dxc6 Bxc6 35. Bd3 b6 36. Be2 Be4 37. Bf3 Bb1 38. a3 Bf5 39. Be2 Be6 40.
Bd3 Bf7 41. Be2 g5 42. h4 gxh4 43. gxh4 h6 44. Bd3 Be6 45. Bf1 Bg4 46. Bg2 Bf5
47. Bf1 Be4 48. Bh3 Bg6 49. Bg4 Bf7 50. Be2 Be6 51. Bf1 Bg4 52. Bd3 Bh3 53. Kf3
Bd7 54. Ke3 Bc6 55. Bf1 Ba4 56. Bd3 Bd1 57. Bf1 Kf5 58. Bh3+ Ke5 59. Bg2 Bb3
60. Bf1 Kf5 61. Be2 Ba2 62. Kf3 Bb1 1/2-1/2

*

[Event "6Ã¨me LUC open"]
[Site "Lille"]
[Date "2015-05-08"]
[Round "7.24"]
[White "DUPONT, Arthur"]
[Black "WEILL, Roland"]
[Result "0-1"]
[WhiteElo "1908"]
[BlackElo "2151"]

1. d4 Nf6 2. c4 Nc6 3. Nc3 e5 4. e3 Bb4 5. d5 Ne7 6. Qb3 a5 7. Nge2 d6 8. Ng3
O-O 9. Be2 Nd7 10. a3 Nc5 11. Qc2 Bxc3+ 12. Qxc3 a4 13. Bd1 f5 14. O-O Ng6 15.
f4 Qe7 16. b4 axb3 17. Bxb3 Bd7 18. Bc2 b6 19. fxe5 Qxe5 20. Bb2 Rae8 21. Rae1
Qxc3 22. Bxc3 Ne5 23. Bxf5 Nxc4 24. Bxd7 Nxd7 25. Nf5 Nde5 26. Bxe5 Rxe5 27.
Nd4 Rxf1+ 28. Rxf1 Nxe3 29. Re1 Nxd5 30. Rxe5 dxe5 31. Nf3 e4 32. Ng5 Nf6 33.
Kf2 h6 34. Ne6 Nd5 35. Kg3 Kf7 36. Nf4 Nxf4 37. Kxf4 Ke6 38. Kxe4 c5 0-1

*

[Event "6Ã¨me LUC open"]
[Site "Lille"]
[Date "2015-05-08"]
[Round "7.25"]
[White "CARTIGNY, Patrick"]
[Black "BIANCHI, Guillaume"]
[Result "1/2-1/2"]
[WhiteElo "1886"]
[BlackElo "2150"]

1. e4 c5 2. c3 d6 3. d4 Nf6 4. Bd3 g6 5. h3 Bg7 6. Nf3 O-O 7. O-O Nfd7 8. Be3
Nc6 9. Nbd2 b6 10. Qe2 cxd4 11. Nxd4 Nce5 12. Ba6 Nc5 13. Bxc8 Qxc8 14. f4 Nc6
15. g4 Qb7 16. Nxc6 Qxc6 17. Bd4 e5 18. fxe5 dxe5 19. Bxc5 Qxc5+ 20. Kg2 Bh6
21. Nf3 Bf4 22. Rfd1 Rfd8 23. c4 Qe7 24. Rxd8+ Rxd8 25. Rd1 Rc8 26. b3 h5 27.
Qd3 hxg4 28. hxg4 Qa3 29. Qe2 Kg7 30. Rd5 Rh8 31. Rd1 Qe7 32. Rh1 Qe6 33. Ne1
Rd8 34. Nd3 Rd4 35. Qf3 Qd6 36. Rd1 Qd8 37. Nf2 Rd2 38. Rxd2 Qxd2 39. Qd3 Qxa2
40. Kf3 Qd2 41. Qxd2 Bxd2 42. Nd3 Kf6 43. b4 Ke6 44. b5 Bc3 45. Ke2 Kd6 46. Kf3
Ke6 47. Nc1 f5 48. Nd3 Kf6 49. exf5 gxf5 50. gxf5 Kxf5 51. Nf2 Bb4 52. Ne4 Ke6
53. Ke2 Ke7 54. Ke3 Ke6 55. Ke2 Kf5 56. Kf3 Bc5 57. Nc3 Ba3 58. Ne4 Ke6 59. Ke2
Kd7 60. Kd3 Kc7 61. Nd2 Kb7 62. Ne4 a5 63. bxa6+ Kxa6 64. Kc3 Ka5 65. Kb3 Bc5
66. Nc3 Bd4 67. Ne4 Ba1 1/2-1/2

*

[Event "6Ã¨me LUC open"]
[Site "Lille"]
[Date "2015-05-08"]
[Round "7.26"]
[White "HAUSEUX, Paul"]
[Black "VAN LOMMEL, Patrick"]
[Result "1/2-1/2"]
[WhiteElo "1841"]
[BlackElo "2120"]

1. e4 e6 2. d4 d5 3. Nc3 Bb4 4. e5 c5 5. a3 Bxc3+ 6. bxc3 Qa5 7. Bd2 Qa4 8. Nf3
Nc6 9. Bd3 c4 10. Be2 Bd7 11. O-O O-O-O 12. Ng5 Rf8 13. f4 Nge7 14. Qe1 h6 15.
Nf3 g6 16. Qc1 f6 17. Rb1 fxe5 18. Nxe5 Nxe5 19. fxe5 Rxf1+ 20. Bxf1 g5 21. Rb4
Qa6 22. Rb1 Kc7 23. Qb2 Nc6 24. Be2 1/2-1/2

*

[Event "6Ã¨me LUC open"]
[Site "Lille"]
[Date "2015-05-08"]
[Round "7.27"]
[White "DIAZ, Franck"]
[Black "DEKETELAERE, Francky"]
[Result "1-0"]
[WhiteElo "2111"]
[BlackElo "1762"]

1. e4 d6 2. d4 Nf6 3. Nc3 e5 4. Nf3 Nbd7 5. Bc4 h6 6. h3 Be7 7. g4 c6 8. a4 Qc7
9. Ba2 exd4 10. Nxd4 Ne5 11. f4 Ng6 12. Qf3 Qb6 13. Nf5 O-O 14. Nxe7+ Nxe7 15.
Bb3 Nd7 16. a5 Qc7 17. Be3 Nc5 18. Bxc5 dxc5 19. h4 Be6 20. h5 Bxb3 21. cxb3
Rad8 22. Qe3 Rfe8 23. O-O Nd5 24. Qf3 Nb4 25. Rad1 Qxa5 26. e5 Nc2 27. Ne4 Nd4
28. Qf2 Qb4 29. Nd6 Re7 30. g5 Red7 31. gxh6 gxh6 32. Rd3 Kh8 33. Kh2 Nf5 34.
Nxf7+ 1-0

*

[Event "6Ã¨me LUC open"]
[Site "Lille"]
[Date "2015-05-08"]
[Round "7.28"]
[White "MARIE, Maxime"]
[Black "HIRSCHMANN, Georges"]
[Result "1-0"]
[WhiteElo "2228"]
[BlackElo "1687"]

1. e4 e5 2. f4 exf4 3. Bc4 d5 4. exd5 Bd6 5. Nf3 g5 6. Qe2+ Kf8 7. O-O Ne7 8.
d4 f6 9. Bd3 Nd7 10. c4 c5 11. Nc3 Kg7 12. Ne4 Qb6 13. b4 cxd4 14. Nxd6 Qxd6
15. c5 Qxd5 16. Qxe7+ Qf7 17. Qxf7+ Kxf7 18. Nxd4 a5 19. Bc4+ Kg6 20. Bd2 Ne5
21. Bb3 Rd8 22. Bc3 axb4 23. Bb2 Nd3 24. Bc2 Rxd4 25. Bxd4 Bf5 26. Bxd3 Bxd3
27. Rfc1 Be4 28. Rc4 b3 29. axb3 1-0

*

[Event "6Ã¨me LUC open"]
[Site "Lille"]
[Date "2015-05-08"]
[Round "7.29"]
[White "MOLLARD, Pascal"]
[Black "BURGNIES, Stephane"]
[Result "0-1"]
[WhiteElo "1823"]
[BlackElo "2195"]

1. d4 Nf6 2. e3 e6 3. Bd3 c5 4. c3 b6 5. f4 Ba6 6. c4 Be7 7. Nf3 O-O 8. O-O d6
9. b3 Nbd7 10. Bb2 Qc7 11. Nbd2 cxd4 12. exd4 Rac8 13. Rc1 Qb8 14. Qe2 Rfe8 15.
Ng5 Bb7 16. Bb1 d5 17. Rc3 Bf8 18. Rh3 g6 19. Qd3 Bg7 20. Ngf3 Ne4 21. f5 exf5
22. Nh4 Re6 23. Nxf5 gxf5 24. Rxf5 Nxd2 25. Qxd2 Qd6 26. Rxh7 Nf8 27. c5 Qe7
28. Rxg7+ Kxg7 29. Re5 Rxe5 30. dxe5 Qxc5+ 31. Kf1 Ba6+ 32. Bd3 Bxd3+ 33. Qxd3
Ne6 0-1

*

[Event "6Ã¨me LUC open"]
[Site "Lille"]
[Date "2015-05-08"]
[Round "7.30"]
[White "FARRINGTON, Edward J"]
[Black "VAN FOREEST, Pieter"]
[Result "1-0"]
[WhiteElo "2024"]
[BlackElo "1825"]

1. c3 d5 2. c4 d4 3. e3 c5 4. exd4 cxd4 5. d3 e5 6. g3 Bd7 7. Bg2 Nc6 8. Ne2
Bd6 9. O-O Nge7 10. a3 a5 11. Nd2 O-O 12. Ne4 Bc7 13. f4 f5 14. Nc5 Bb6 15.
Nxd7 Qxd7 16. Kh1 Ng6 17. Qb3 Bc5 18. Qb5 Qe7 19. Bxc6 bxc6 20. Qxc6 e4 21.
Nxd4 exd3 22. Ne6 Rac8 23. Qd5 Rf7 24. Nxc5 Qxc5 25. Qxd3 Qxc4 26. Qxc4 Rxc4
27. Bd2 a4 28. Bc3 Ne7 29. Rad1 Rf8 30. Rfe1 Nc6 31. Kg2 Re4 32. Rxe4 fxe4 33.
Rd7 Rf7 34. Rxf7 Kxf7 35. Kf2 g6 36. Ke3 Ke6 37. Kxe4 Ne7 38. g4 h5 39. h3 h4
40. Be1 1-0

*

[Event "6Ã¨me LUC open"]
[Site "Lille"]
[Date "2015-05-08"]
[Round "7.31"]
[White "HENNE, Jean-Louis"]
[Black "CADERON, Michel"]
[Result "0-1"]
[WhiteElo "1780"]
[BlackElo "1999"]

1. e4 c5 2. Nf3 d6 3. d3 g6 4. g3 Bg7 5. Bg2 Nc6 6. c3 Nf6 7. O-O O-O 8. Re1 e5
9. a3 Rb8 10. b4 b5 11. h3 Nd7 12. Nbd2 a5 13. bxc5 Nxc5 14. Nf1 Re8 15. Rb1 h6
16. Ne3 Kh7 17. Qe2 Ba6 18. Nd5 b4 19. c4 b3 20. Nc3 a4 21. Rb2 Bc8 22. Be3 Ra8
23. Nd5 Be6 24. Rc1 Ra6 25. Kh2 Bd7 26. Bxc5 dxc5 27. Rd1 Bf8 28. Qd2 Ra7 29.
Qe2 Rb7 30. Rc1 Kg7 31. Rd1 Qa5 32. Qd2 Qa7 33. Qe2 Nd4 34. Nxd4 cxd4 35. Bf3
Bxa3 36. Rbb1 Bd6 37. h4 a3 0-1

*

[Event "6Ã¨me LUC open"]
[Site "Lille"]
[Date "2015-05-08"]
[Round "7.32"]
[White "DECLERCQ, Jean"]
[Black "STAS, Arnould"]
[Result "1/2-1/2"]
[WhiteElo "1763"]
[BlackElo "1967"]

1. d4 Nf6 2. c4 g6 3. f3 Bg7 4. e4 d6 5. Be3 O-O 6. Ne2 Nc6 7. Qd2 Rb8 8. Na3
a6 9. Nc3 Qe8 10. Nc2 Nd8 11. a4 Nd7 12. Be2 c5 13. d5 Nf6 14. O-O Qd7 15. b4
cxb4 16. Nxb4 Qc7 17. Rfc1 Nd7 18. Rab1 Nc5 19. Bd4 Bd7 20. Bxg7 Kxg7 21. Qc2
f6 22. Kh1 Nf7 23. Nd3 Rfc8 24. Rb4 Nxd3 25. Bxd3 Be8 26. Rcb1 Ne5 27. Ne2 Nd7
28. Nd4 Nc5 29. Ra1 Qa5 30. Rab1 Qc7 31. Be2 Bd7 32. Bf1 Kf7 33. Be2 Be8 34.
Qa2 Qa5 35. Qc2 Qc7 1/2-1/2

*

[Event "6Ã¨me LUC open"]
[Site "Lille"]
[Date "2015-05-08"]
[Round "7.33"]
[White "ROSENAUER, Horst"]
[Black "POURRAHNAMA, Amir"]
[Result "1-0"]
[WhiteElo "1966"]
[BlackElo "1815"]

1. e4 g6 2. d4 Bg7 3. Be3 d6 4. Bd3 c6 5. c3 Nf6 6. h3 Qc7 7. Nf3 Nbd7 8. Na3
b5 9. Qd2 h6 10. O-O Bb7 11. Rfe1 a6 12. Rac1 c5 13. Bf4 c4 14. Bb1 Rd8 15. d5
Nh5 16. Be3 Ne5 17. Nd4 Nf6 18. Rf1 Ned7 19. b4 Nf8 20. Rcd1 e5 21. Ne2 Bc8 22.
f4 exf4 23. Nxf4 g5 24. Ne2 Ng6 25. Ng3 O-O 26. Bd4 Ne5 27. Nf5 Ne8 28. Nxg7
Nxg7 29. Qf2 f5 30. Bb6 Qe7 31. Bxd8 Qxd8 32. exf5 Nxf5 33. Bxf5 Bxf5 34. Nc2
g4 35. Nd4 Bd3 36. Qxf8+ Qxf8 37. Rxf8+ Kxf8 38. Nc6 gxh3 39. Nxe5 dxe5 40.
gxh3 Ke7 41. Kf2 Kd6 42. Ke3 Kxd5 43. h4 Ke6 44. Rg1 Kf7 45. a3 Bf5 46. Rg3 Bg6
47. Rg2 Bf5 48. Ra2 Bd7 49. Rd2 Ke6 50. Rg2 Kf7 51. h5 Bf5 52. Rg1 Bd3 53. Rg2
Bf5 54. Kf3 Bd3 55. Ra2 Kf6 56. Kg4 Bf5+ 57. Kh4 Bd7 58. Rd2 Ke6 59. Rg2 e4 60.
Rg6+ Kf5 61. Kg3 Be6 62. Rxh6 Bd5 63. Rd6 Bg8 64. Rxa6 Kg5 65. h6 Bh7 66. Rb6 1-0

*

[Event "6Ã¨me LUC open"]
[Site "Lille"]
[Date "2015-05-08"]
[Round "7.34"]
[White "CHAIGNET, Lucas"]
[Black "LABADIE, Jean-Jacques"]
[Result "1-0"]
[WhiteElo "1758"]
[BlackElo "1958"]

1. e4 e5 2. Nf3 d6 3. d4 Nd7 4. Bc4 c6 5. O-O Be7 6. c3 Ngf6 7. Qe2 O-O 8. Rd1
Qc7 9. Nbd2 b5 10. Bb3 a6 11. Nf1 c5 12. d5 Re8 13. Ng3 c4 14. Bc2 Nb6 15. Nh4
g6 16. Nf3 Bf8 17. h3 Bg7 18. Be3 Bd7 19. Qd2 Rf8 20. Bh6 Ne8 21. Bxg7 Nxg7 22.
Qh6 f6 23. Re1 Nc8 24. a3 Ne7 25. Rad1 Kh8 26. Qh4 g5 27. Nxg5 fxg5 28. Qxg5
Ng6 29. Nf5 Bxf5 30. exf5 Nf4 31. Qg4 Nxf5 32. Bxf5 Rg8 33. Qh4 Rxg2+ 34. Kh1
Qg7 35. Rg1 Rg8 36. Bg4 Rxg1+ 37. Rxg1 h5 38. Rg3 Qg5 39. Qxg5 Rxg5 40. Bc8
Rxg3 41. fxg3 Nd3 42. Bxa6 Nxb2 43. Bxb5 Nd1 44. Bxc4 Nxc3 45. Kg2 Kg7 46. Bb3
Kf6 47. a4 e4 48. Kf2 Ke5 49. Ke3 Nxd5+ 50. Bxd5 Kxd5 51. a5 Ke5 52. a6 d5 53.
a7 d4+ 54. Ke2 h4 55. a8=Q hxg3 56. Qb8+ Kd5 57. Qxg3 Kc4 58. Qf4 1-0

*

[Event "6Ã¨me LUC open"]
[Site "Lille"]
[Date "2015-05-08"]
[Round "7.35"]
[White "VEKEMANS, Denis"]
[Black "DHUYVETTER, Frederik"]
[Result "1/2-1/2"]
[WhiteElo "1951"]
[BlackElo "1809"]

1. e4 c5 2. b4 cxb4 3. a3 d5 4. e5 Nc6 5. d4 e6 6. Nf3 Bd7 7. axb4 Bxb4+ 8. c3
Ba5 9. Bd3 Nge7 10. O-O O-O 11. Bxh7+ Kxh7 12. Ng5+ Kg6 13. Qg4 f5 14. Qg3 f4
15. Qg4 Kh6 16. Bxf4 Rxf4 17. Qxf4 Ng6 18. Nf7+ Kh7 19. Nxd8 Nxf4 20. Nxc6 Bxc6
21. Rxa5 b6 22. Ra3 Bb5 23. Re1 a6 24. g3 Nd3 25. Re3 Nb2 26. Rb3 Nc4 27. Rf3
Ba4 28. Rb4 b5 29. Rf7 a5 30. Rxc4 dxc4 31. Rc7 Bd1 32. Rb7 a4 33. Na3 Ra5 34.
Rxb5 Rxb5 35. Nxb5 g5 36. f4 gxf4 37. gxf4 Kg6 38. Kf2 Kf5 39. Ke3 Bc2 40. Na3
Bd3 41. Nb5 Bf1 42. Nd6+ Kg4 43. Nb5 Bg2 44. Kd2 Kxf4 45. Kc2 Ke3 46. Kb2 Bc6
47. Nc7 Kd2 48. Nxe6 a3+ 49. Kxa3 Kxc3 50. h4 Kd2 51. Nc5 Bd5 52. Na4 Kd3 53.
e6 Kxd4 54. e7 Bf7 55. Kb4 Kd5 56. Nb6+ 1/2-1/2

*

[Event "6Ã¨me LUC open"]
[Site "Lille"]
[Date "2015-05-08"]
[Round "7.36"]
[White "BAUDE, Christian"]
[Black "LUI, Eric"]
[Result "1-0"]
[WhiteElo "1735"]
[BlackElo "1947"]

1. d4 Nf6 2. g3 g6 3. Bg2 Bg7 4. Nf3 O-O 5. O-O d6 6. Na3 Bf5 7. c3 c6 8. Nc4
Qd7 9. Re1 Bh3 10. Bh1 Ne4 11. Ng5 Nxg5 12. Bxg5 f6 13. Bd2 d5 14. Na3 f5 15.
Qc1 e5 16. dxe5 Bxe5 17. Bf4 Bg7 18. Bh6 Bxh6 19. Qxh6 f4 20. Bg2 fxg3 21. hxg3
Bxg2 22. Kxg2 Qf5 23. Qe3 Nd7 24. f3 Rae8 25. Qd3 Qf7 26. Rf1 Ne5 27. Qd2 a6
28. b3 Re7 29. Nc2 Rfe8 30. Rae1 Qe6 31. Nd4 Qd7 32. Rh1 c5 33. Nc2 b5 34. Rh4
Nf7 35. b4 Ne5 36. Ne3 Nc4 37. Nxc4 dxc4 38. Qxd7 Rxd7 39. bxc5 Rd5 40. Rd4
Rxc5 41. e4 Rc7 42. f4 Kf7 43. Kf3 h5 44. Red1 Re6 45. e5 g5 46. Ke4 gxf4 47.
gxf4 Rce7 48. Rd7 h4 49. Rxe7+ Kxe7 50. Rh1 Rh6 51. Rh3 b4 52. cxb4 c3 53. Rxc3
h3 54. Rc1 h2 55. Rh1 Rh4 56. b5 a5 57. Ke3 1-0

*

[Event "6Ã¨me LUC open"]
[Site "Lille"]
[Date "2015-05-08"]
[Round "7.37"]
[White "MARUEJOLS, Claude"]
[Black "DE LAGONTRIE, Jean"]
[Result "1/2-1/2"]
[WhiteElo "1939"]
[BlackElo "1796"]

1. d4 Nf6 2. c4 e5 3. dxe5 Ng4 4. Bf4 Nc6 5. Nf3 Bb4+ 6. Nc3 Bxc3+ 7. bxc3 Qe7
8. Qd5 f6 9. exf6 Nxf6 10. Qd3 d6 11. g3 O-O 12. Bg2 Ne4 13. O-O Nc5 14. Qd1
Bd7 15. Nd4 Rae8 16. Rb1 a6 17. Nxc6 bxc6 18. Be3 Ne4 19. Qc1 c5 20. Rb3 a5 21.
Rb7 Bc6 22. Ra7 Ra8 23. Rxa8 Rxa8 24. Qa3 a4 1/2-1/2

*

[Event "6Ã¨me LUC open"]
[Site "Lille"]
[Date "2015-05-08"]
[Round "7.38"]
[White "BELE, Charles"]
[Black "MANET, Eric"]
[Result "0-1"]
[WhiteElo "1666"]
[BlackElo "1934"]

1. e4 c5 2. d4 cxd4 3. c3 Nf6 4. e5 Nd5 5. Qxd4 e6 6. Bc4 Nc6 7. Qe4 Nb6 8. Bb3
d6 9. Nf3 dxe5 10. Nxe5 Nxe5 11. Qxe5 Qf6 12. Qxf6 gxf6 13. Na3 Bxa3 14. bxa3
Bd7 15. Be3 Bc6 16. f3 O-O 17. O-O-O Nd7 18. Rd6 Kg7 19. Rhd1 Ne5 20. R1d4 Kh8
21. Rf4 Kg7 22. Rfd4 a6 23. a4 Rac8 24. a5 Rg8 25. Kb2 Kh8 26. Rd2 Kg7 27. R2d4
Ng6 28. f4 Ne7 29. g4 Kh8 30. Rd2 Rxg4 31. Rd8+ Rxd8 32. Rxd8+ Kg7 0-1

*